Todos os Melhores Jogadores da UEFA - Statistics

Estatísticas Gerais
  • Esse quiz foi jogado 237 vezes
  • A pontuação média é 12 de 13
Estatísticas das Respostas
Ano Nacionalidade Equipe Ganhador % Correto
2017 Portugal Real Madrid Cristiano Ronaldo
99%
2016 Portugal Real Madrid Cristiano Ronaldo
99%
2014 Portugal Real Madrid Cristiano Ronaldo
99%
2015 Argentina Barcelona Messi
99%
2011 Argentina Barcelona Messi
99%
2023 Noruega Manchester City Haaland
97%
2018 Croácia Real Madrid Modric
96%
2022 França Real Madrid Benzema
91%
2012 Espanha Barcelona Iniesta
89%
2020 Polônia Bayern de Munique Lewandowski
89%
2019 Holanda Liverpool Van Dijk
84%
2021 Itália Chelsea Jorginho
81%
2013 França Bayern de Munique Ribery
80%
Nenhum quiz correspondente encontrado
Distribuição das Pontuações
Porcentagem de Pessoas com Cada Pontuação
Percentil de Números Respondidos
Sua Pontuação Histórica
Você não jogou esse quiz